000 00604nas-a2200229z--4500
999 _c7630
_d7630
001 991059134325106706
003 OSt
005 20220111185946.0
008 180507uuuuuuuuuuuuuu-p-o----u|----|spa-d
022 _a2014-9913
035 _a(CKB)9870000000002221
035 _a(EXLCZ)999870000000002221
040 _bcat
_cCDMR
210 _aALTERN. ECON.
245 0 0 _aAlternativas Económicas
260 _aBarcelona:
_bAlternativas Económicas,
_c2013-
310 _aMensual
362 _aNo. 1 (marzo 2013)-
650 0 _94819
_aEconomia
_vRevistes
776 _x2014-9204
942 _2udc
_cSER
_s1